=LDR 00000nam 2200000 4500 =001 INLIS000000000017572 =005 20130612112802 =008 ***********************************Ind** =035 ##$$0010-061300000017572 =041 ##$$a Ind =082 ##$$a 657.76 =090 ##$$a 657.76, Har a =100 ##$$a Harnanto =245 ##$$a Akuntansi perpajakan, oleh Harnanto =260 ##$$a 2003 $b Yogyakarta =300 ##$$a 644 hlm, 24 cm =650 ##$$a Akuntansi Modal =850 ##$$a NBPNMAT